[Event "Mittelfranken-chT2b 1617"]
[Site "Mittelfranken"]
[Date "2017.05.14"]
[Round "9.8"]
[White "Ruderer, Alexander"]
[Black "Haas, Maximilian"]
[Result "0-1"]
[WhiteElo "1594"]
[BlackElo "1885"]
[PlyCount "78"]
[EventDate "2016.10.23"]
[EventType "team-tourn"]
[EventRounds "9"]
[EventCountry "GER"]
[SourceTitle "EXT 2022"]
[Source "ChessBase"]
[SourceDate "2021.10.06"]
[SourceVersion "1"]
[SourceVersionDate "2021.10.06"]
[SourceQuality "1"]
[WhiteTeam "Heideck/Hilpoltstein"]
[BlackTeam "Erlangen SC III"]
[WhiteTeamCountry "GER"]
[BlackTeamCountry "GER"]

1. d4 Nf6 2. Bf4 g6 3. Nf3 Bg7 4. e3 d6 5. h3 0-0 6. Be2 c5 7. c3 Qb6 8. Qb3 Nc6 9. Nbd2 Qxb3 10. axb3 cxd4 11. exd4 Nd5 12. Bh2 e5 13. dxe5 dxe5 14. 0-0 Be6 15. Bb5 Nde7 16. Rfe1 Rfd8 17. c4 Nb4 18. Rab1 a6 19. Ba4 Bf5 20. Ne4 Nd3 21. Re2 Nc5 22. Nfd2 Rd4 23. f3 Bxe4 24. Nxe4 Nxa4 25. bxa4 Rxc4 26. b3 Rc6 27. Rd1 Nf5 28. Rd7 b6 29. Rb2 Rac8 30. Rdd2 Bh6 31. Rd3 Be3+ 32. Kf1 Bd4 33. Rbd2 Rc1+ 34. Ke2 Rh1 35. Bg3 Rg1 36. f4 Rxg2+ 37. Kf3 Rxd2 38. Rxd2 Nxg3 39. Kxg3 Be3 0-1

[Event "GER-chT U20"]
[Site "Borken"]
[Date "2016.12.28"]
[Round "4.4"]
[White "Spindler, Florian"]
[Black "Haas, Maximilian"]
[Result "1-0"]
[WhiteElo "1910"]
[BlackElo "1836"]
[PlyCount "81"]
[EventDate "2016.12.27"]
[EventType "team-swiss"]
[EventRounds "7"]
[EventCountry "GER"]
[SourceTitle "EXT 2018"]
[Source "ChessBase"]
[SourceDate "2017.10.13"]
[SourceVersion "1"]
[SourceVersionDate "2017.10.13"]
[SourceQuality "1"]
[WhiteTeam "Porz SG"]
[BlackTeam "Erlangen"]
[WhiteTeamCountry "GER"]
[BlackTeamCountry "GER"]

1. e4 g6 2. d4 Bg7 3. Nf3 d6 4. Be2 Nf6 5. Nc3 Nbd7 6. e5 Ng8 7. Bf4 Nb6 8. h3 a6 9. a4 dxe5 10. dxe5 Qxd1+ 11. Rxd1 e6 12. 0-0 Ne7 13. Rd2 Nc6 14. Re1 0-0 15. b3 Nd7 16. Nd1 Ndxe5 17. Nxe5 Nxe5 18. Bxa6 Rxa6 19. Bxe5 Bxe5 20. Rxe5 Rd6 21. Rxd6 cxd6 22. Rb5 Rd8 23. Nb2 d5 24. Nd3 Rd6 25. a5 Rc6 26. Nc5 Kf8 27. Kf1 Rc7 28. Ke1 Ke7 29. b4 Kd8 30. Rb6 Re7 31. Kd2 Kc7 32. f4 f6 33. Kd3 e5 34. Rxf6 Bf5+ 35. Kd2 e4 36. c3 h5 37. Rb6 e3+ 38. Ke2 Kc8 39. Rd6 Bb1 40. Rxd5 Ba2 41. Re5 1-0

[Event "Nuremberg Zabo op 18th"]
[Site "Nuremberg"]
[Date "2016.09.18"]
[Round "5"]
[White "Haas, Maximilian"]
[Black "Klein, Waldemar"]
[Result "1-0"]
[WhiteElo "1744"]
[BlackElo "1891"]
[PlyCount "129"]
[EventDate "2016.09.16"]
[EventType "swiss"]
[EventRounds "5"]
[EventCountry "GER"]
[SourceTitle "EXT 2018"]
[Source "ChessBase"]
[SourceDate "2017.10.13"]
[SourceVersion "1"]
[SourceVersionDate "2017.10.13"]
[SourceQuality "1"]

1. e4 c6 2. d4 g6 3. Nc3 d5 4. f3 Bg7 5. Be3 e6 6. Qd2 f5 7. e5 Bh6 8. f4 Bf8 9. Nf3 Be7 10. Bd3 b6 11. Ne2 c5 12. c3 Nc6 13. 0-0 Nh6 14. h3 0-0 15. Kh1 Kh8 16. Rg1 Bd7 17. Raf1 cxd4 18. Nfxd4 Nxd4 19. Nxd4 Bc5 20. g3 Qe8 21. Qe2 Bxd4 22. Bxd4 Ng8 23. b4 b5 24. Qe3 Bc6 25. Kh2 Rf7 26. Rb1 Qd7 27. Rb2 Ne7 28. a4 a6 29. axb5 Bxb5 30. Ra2 Bc4 31. Ra5 Nc6 32. Rc5 Bxd3 33. Qxd3 Nxd4 34. cxd4 Qb7 35. Rb1 Rc7 36. Rbc1 Rxc5 37. bxc5 Rb8 38. c6 Qb6 39. Rc2 Rc8 40. Qa3 Qxd4 41. Qe7 Qa4 42. Qf6+ Kg8 43. Qxe6+ Kg7 44. Qe7+ Kg8 45. Qc5 Qb5 46. Qd6 Qb3 47. Rg2 d4 48. Qd7 Qb8 49. Qxd4 Qb5 50. Rc2 Qb3 51. Rb2 Qe6 52. c7 Kf7 53. Qc5 Qd7 54. Rc2 Qd3 55. Qc6 Kg7 56. Ra2 Qb5 57. Qf6+ Kh6 58. Qh4+ Kg7 59. Qe7+ Kh6 60. g4 fxg4 61. hxg4 Qb3 62. g5+ Kh5 63. Qxh7+ Kg4 64. Qd7+ Kh4 65. Rg2 1-0

[Event "GER-chT U14"]
[Site "Verden"]
[Date "2015.12.29"]
[Round "5.2"]
[White "Von Estorff, Jacob"]
[Black "Haas, Maximilian"]
[Result "0-1"]
[WhiteElo "1755"]
[BlackElo "1728"]
[PlyCount "140"]
[EventDate "2015.12.27"]
[EventType "team-swiss"]
[EventRounds "7"]
[EventCountry "GER"]
[SourceTitle "EXT 2017"]
[Source "ChessBase"]
[SourceDate "2016.10.25"]
[SourceVersion "1"]
[SourceVersionDate "2016.10.25"]
[SourceQuality "1"]
[WhiteTeam "Uelzen Post"]
[BlackTeam "Erlangen"]
[WhiteTeamCountry "GER"]
[BlackTeamCountry "GER"]

1. e4 e6 2. d4 d5 3. e5 c5 4. c3 Qb6 5. Nf3 Nc6 6. Be2 Bd7 7. 0-0 Nge7 8. dxc5 Qc7 9. Bb5 Ng6 10. Bxc6 Bxc6 11. b4 Nxe5 12. Bf4 Nxf3+ 13. Qxf3 Qd7 14. Nd2 Be7 15. Qg3 0-0 16. Rad1 f6 17. c4 Ba4 18. Nb3 Bxb3 19. Qxb3 d4 20. Bg3 a5 21. a3 Rfd8 22. Rfe1 Kf7 23. Qd3 h6 24. Re4 axb4 25. axb4 Ra4 26. Qb3 Raa8 27. h3 Qa4 28. Qb1 d3 29. Kh2 Qc2 30. Re3 Rd4 31. Rc1 Qxb1 32. Rxb1 d2 33. Rd1 Ra2 34. Re2 Rxc4 35. Rexd2 Rxd2 36. Rxd2 Rxb4 37. Rd7 Ke8 38. Rc7 e5 39. c6 Kd8 40. Rd7+ Ke8 41. Rc7 bxc6 42. Rxc6 Kd7 43. Ra6 Rb7 44. Ra4 Ke6 45. f4 Kf5 46. Ra5 Bb4 47. Rd5 Ke4 48. Rd1 exf4 49. Bf2 Bc3 50. Rc1 Be5 51. Kh1 Rb2 52. Bg1 Re2 53. Rb1 g5 54. Bb6 h5 55. Bg1 g4 56. hxg4 hxg4 57. Rb4+ Kf5 58. Rb1 f3 59. Rf1 Kg5 60. gxf3 g3 61. f4+ Bxf4 62. Rxf4 Kxf4 63. Bd4 Kf3 64. Bc5 Re1+ 65. Bg1 Rxg1+ 66. Kxg1 g2 67. Kh2 Kf2 68. Kh3 g1Q 69. Kh4 Qg3+ 70. Kh5 Qg5# 0-1

[Event "Bayernliga U20 1516"]
[Site "Bayern"]
[Date "2015.11.21"]
[Round "1.4"]
[White "Haas, Maximilian"]
[Black "Wagner, Robert"]
[Result "0-1"]
[WhiteElo "1744"]
[BlackElo "1993"]
[PlyCount "70"]
[EventDate "2015.11.21"]
[EventType "team-tourn"]
[EventRounds "7"]
[EventCountry "GER"]
[SourceTitle "EXT 2022"]
[Source "ChessBase"]
[SourceDate "2021.10.06"]
[SourceVersion "1"]
[SourceVersionDate "2021.10.06"]
[SourceQuality "1"]
[WhiteTeam "Erlangen SC U20"]
[BlackTeam "Forchheim SC U20"]
[WhiteTeamCountry "GER"]
[BlackTeamCountry "GER"]

1. Nf3 d5 2. d4 c6 3. Bf4 Bf5 4. c4 e6 5. Nc3 Nf6 6. c5 Be7 7. a3 0-0 8. h3 Ne4 9. Nxe4 Bxe4 10. Nd2 Bg6 11. Qb3 b6 12. Rc1 bxc5 13. dxc5 Nd7 14. Qe3 e5 15. Bxe5 Nxe5 16. Qxe5 Bf6 17. Qe3 Bxb2 18. Nb3 Re8 19. Qd2 Bxc1 20. Qxc1 Rb8 21. Qc3 Qh4 22. e3 Qa4 23. Nd2 d4 24. Qc4 Qxa3 25. Qxd4 Qc1+ 26. Ke2 Red8 27. Nb3 Qc2+ 28. Kf3 Rxd4 29. Nxd4 Qe4+ 30. Kg3 Qe5+ 31. f4 Qxe3+ 32. Nf3 Rb2 33. h4 Qf2+ 34. Kh3 Bf5+ 35. Kh2 Qxf3 0-1

[Event "GER-chT U14"]
[Site "Regensburg"]
[Date "2014.12.30"]
[Round "7.2"]
[White "Haas, Maximilian"]
[Black "Walk, Maximilian"]
[Result "1-0"]
[WhiteElo "1708"]
[BlackElo "1413"]
[PlyCount "71"]
[EventDate "2014.12.27"]
[EventType "team-swiss"]
[EventRounds "7"]
[EventCountry "GER"]
[SourceTitle "EXT 2018"]
[Source "ChessBase"]
[SourceDate "2017.10.13"]
[SourceVersion "1"]
[SourceVersionDate "2017.10.13"]
[SourceQuality "1"]
[WhiteTeam "Erlangen"]
[BlackTeam "Frankfurt TV"]
[WhiteTeamCountry "GER"]
[BlackTeamCountry "GER"]

1. e4 e5 2. Nf3 Nc6 3. d4 exd4 4. c3 dxc3 5. Bc4 Bc5 6. Bxf7+ Kxf7 7. Qd5+ Kf8 8. Qxc5+ d6 9. Qxc3 Qf6 10. Bg5 Qg6 11. Nbd2 Nge7 12. 0-0-0 Be6 13. h4 h6 14. h5 Qf7 15. Bxe7+ Qxe7 16. Nh4 Kg8 17. Ng6 Qf7 18. Nxh8 Kxh8 19. f3 a5 20. a3 a4 21. g4 Ra5 22. Kb1 Rc5 23. Qe3 Qf6 24. Rc1 Rb5 25. Qc3 Nd4 26. Rh2 Rc5 27. Qe3 Ba2+ 28. Kxa2 Rxc1 29. Nb1 Qf7+ 30. b3 axb3+ 31. Kb2 Qc4 32. Qxc1 Nc2 33. Qd2 Qc5 34. Qc3 Qg1 35. Rd2 Qb6 36. Qxb3 1-0

[Event "GER-chT U14"]
[Site "Regensburg"]
[Date "2014.12.28"]
[Round "3.2"]
[White "Haas, Maximilian"]
[Black "Roseneck, Jonas"]
[Result "1-0"]
[WhiteElo "1708"]
[BlackElo "1816"]
[PlyCount "59"]
[EventDate "2014.12.27"]
[EventType "team-swiss"]
[EventRounds "7"]
[EventCountry "GER"]
[SourceTitle "EXT 2018"]
[Source "ChessBase"]
[SourceDate "2017.10.13"]
[SourceVersion "1"]
[SourceVersionDate "2017.10.13"]
[SourceQuality "1"]
[WhiteTeam "Erlangen"]
[BlackTeam "Magdeburg Aufbau Elbe"]
[WhiteTeamCountry "GER"]
[BlackTeamCountry "GER"]

1. e4 c5 2. Nf3 d6 3. d4 cxd4 4. Nxd4 Nf6 5. Nc3 a6 6. Rg1 e5 7. Nb3 Be6 8. g4 Nc6 9. g5 Nd7 10. f4 exf4 11. Bxf4 Nde5 12. Rg3 Be7 13. Qd2 Ng6 14. h4 Nxf4 15. Qxf4 Ne5 16. Nd4 Qb6 17. Nf5 Bf8 18. 0-0-0 g6 19. Ne3 Bg7 20. Ned5 Qd8 21. Nf6+ Bxf6 22. gxf6 Qa5 23. Rxd6 Rd8 24. Rxd8+ Kxd8 25. Rg5 Kc8 26. Qxe5 b5 27. Qd6 Rd8 28. Rc5+ Kb7 29. Qc6+ Kb8 30. Bg2 1-0

[Event "GER-chT U14"]
[Site "Regensburg"]
[Date "2014.12.28"]
[Round "4.2"]
[White "Koelz, Niklas"]
[Black "Haas, Maximilian"]
[Result "1-0"]
[WhiteElo "1688"]
[BlackElo "1708"]
[PlyCount "95"]
[EventDate "2014.12.27"]
[EventType "team-swiss"]
[EventRounds "7"]
[EventCountry "GER"]
[SourceTitle "EXT 2016"]
[Source "ChessBase"]
[SourceDate "2015.10.08"]
[SourceVersion "1"]
[SourceVersionDate "2015.10.08"]
[SourceQuality "1"]
[WhiteTeam "Halver Schalksmuehle"]
[BlackTeam "Erlangen"]
[WhiteTeamCountry "GER"]
[BlackTeamCountry "GER"]

1. e4 e6 2. d4 d5 3. Nc3 Nf6 4. e5 Nfd7 5. Be3 c5 6. Bb5 a6 7. Bxd7+ Bxd7 8. Qg4 cxd4 9. Bxd4 Nc6 10. Nf3 Rc8 11. a3 h5 12. Qf4 Nxd4 13. Qxd4 Rc4 14. Qd2 Qa5 15. 0-0 Qb6 16. b3 Rg4 17. Rad1 Bxa3 18. h3 Rg6 19. Nh4 Rgh6 20. Kh1 Be7 21. Nf3 h4 22. Nh2 Bb4 23. Qd3 Qc7 24. Ne2 Bb5 25. Qf3 Qxc2 26. Nd4 Qc3 27. Qf4 0-0 28. Rg1 Bc5 29. Nhf3 Bd3 30. Qe3 Qxb3 31. Rxd3 Qb6 32. Qf4 Be7 33. Rb3 Qa7 34. g3 hxg3 35. Rxg3 Rh7 36. Ng5 Bxg5 37. Rxg5 b5 38. Rbg3 Re8 39. Qf6 g6 40. Qf4 Qe7 41. Qg4 Rc8 42. Nxe6 fxe6 43. Rxg6+ Kf7 44. Rf6+ Ke8 45. Rxe6 Rc1+ 46. Kg2 Kd8 47. Rxe7 Rxe7 48. Qg8+ 1-0

[Event "Landesliga U20 Nord 1314"]
[Site "Bayern"]
[Date "2014.02.15"]
[Round "6.2"]
[White "Haas, Maximilian"]
[Black "Dechant, Georg"]
[Result "0-1"]
[WhiteElo "1744"]
[BlackElo "1919"]
[PlyCount "72"]
[EventDate "2013.11.16"]
[EventType "team-tourn"]
[EventRounds "7"]
[EventCountry "GER"]
[SourceTitle "EXT 2022"]
[Source "ChessBase"]
[SourceDate "2021.10.06"]
[SourceVersion "1"]
[SourceVersionDate "2021.10.06"]
[SourceQuality "1"]
[WhiteTeam "Erlangen SC U20 II"]
[BlackTeam "Regensburg Bavaria U20"]
[WhiteTeamCountry "GER"]
[BlackTeamCountry "GER"]

1. e4 c5 2. Nf3 Nc6 3. d4 cxd4 4. Nxd4 Qc7 5. c4 Qe5 6. Be3 Qxe4 7. Nc3 Qe5 8. Nc2 e6 9. f4 Qb8 10. Qd2 Nf6 11. Be2 a6 12. 0-0-0 b5 13. cxb5 axb5 14. Bxb5 Nb4 15. a4 Nfd5 16. Nxd5 Nxd5 17. Rhe1 Be7 18. g4 0-0 19. h4 Re8 20. g5 Ba6 21. Bxa6 Rxa6 22. Qd4 Rc8 23. Kb1 Qb3 24. Re2 Nc3+ 25. Qxc3 Rxc3 26. Rxd7 Bf8 27. Bd4 Rd3 28. Re1 Rxa4 29. Bc3 Rxd7 30. h5 Rxf4 31. h6 g6 32. Rg1 Rc7 33. Kc1 Rf2 34. Nd4 Rxc3+ 35. bxc3 Qxc3+ 36. Kd1 Qd2# 0-1

[Event "GER-chT U14"]
[Site "Magdeburg"]
[Date "2013.12.27"]
[Round "2.2"]
[White "Haas, Maximilian"]
[Black "Leeb, Simon"]
[Result "1-0"]
[WhiteElo "1572"]
[BlackElo "1862"]
[PlyCount "57"]
[EventDate "2013.12.27"]
[EventType "team-swiss"]
[EventRounds "4"]
[EventCountry "GER"]
[SourceTitle "EXT 2015"]
[Source "ChessBase"]
[SourceDate "2014.11.20"]
[SourceVersion "1"]
[SourceVersionDate "2014.11.20"]
[SourceQuality "1"]
[WhiteTeam "Erlangen"]
[BlackTeam "Muenchen Suedost"]
[WhiteTeamCountry "GER"]
[BlackTeamCountry "GER"]

1. e4 c5 2. Nf3 Nc6 3. d4 cxd4 4. Nxd4 Nf6 5. Nc3 e5 6. Ndb5 d6 7. Nd5 Nxd5 8. exd5 Ne7 9. c4 a6 10. Qa4 axb5 11. Qxa8 f5 12. Be2 bxc4 13. Bxc4 f4 14. Bb5+ Kf7 15. 0-0 g5 16. a4 Bg7 17. a5 Qc7 18. a6 Nxd5 19. Bc4 Qc6 20. b3 Kg6 21. Bd3+ Kf6 22. Be4 Qb5 23. Qb8 Be6 24. Qxb7 Qc5 25. a7 Qd4 26. Ra4 Qc5 27. Ba3 Bc8 28. Qxd5 Qc3 29. Qxd6+ 1-0